Fertility and contraception in America : hearings before the Select Committee on Population, Ninety-fifth Congress, second session ...
| Corporate Authors: | , |
|---|---|
| Format: | Government Document eBook |
| Language: | English |
| Published: |
Washington :
U. S. Govt. Print. Off,
1978.
|
| Series: | U.S. Congressional Hearings.
|
| Subjects: | |
| Online Access: | Connect to the full text of this electronic book Connect to the full text of this electronic book Connect to the full text of this electronic book |
MARC
| Tag | First Indicator | Second Indicator | Subfields |
|---|---|---|---|
| LEADER | 00000cam a22000001a 4500 | ||
| 001 | in00003202021 | ||
| 006 | m d f | ||
| 007 | cr bn mmmapmmp | ||
| 008 | 090922s1978 dcua ob f000 0 eng d | ||
| 005 | 20260511205035.4 | ||
| 035 | |a cis2007443964 | ||
| 040 | |a UMI |c UMI |d UtOrBLW | ||
| 043 | |a n-us--- | ||
| 074 | |a 1009 | ||
| 086 | 0 | |a Y 4.P 81:95/2 | |
| 086 | 0 | |a Y 4.P 81:95/3 | |
| 086 | 0 | |a Y 4.P 81:95/4 | |
| 099 | |a HRG-1978-HPS-0010 | ||
| 099 | |a HRG-1978-HPS-0011 | ||
| 099 | |a HRG-1978-HPS-0012 | ||
| 110 | 1 | |a United States. |b Congress. |b House. |b Select Committee on Population. | |
| 245 | 1 | 0 | |a Fertility and contraception in America : |b hearings before the Select Committee on Population, Ninety-fifth Congress, second session ... |
| 264 | 1 | |a Washington : |b U. S. Govt. Print. Off, |c 1978. | |
| 300 | |a 1 online resource. | ||
| 336 | |a text |b txt |2 rdacontent | ||
| 337 | |a computer |b c |2 rdamedia | ||
| 338 | |a online resource |b cr |2 rdacarrier | ||
| 490 | 0 | |a Serial - House, Select Committee on Population ; |v no. 95-2, 95-3, 95-4 | |
| 500 | |a Record is based on bibliographic data in ProQuest Congressional Hearings Digital Collection. Reuse except for individual research requires license from ProQuest, LLC. | ||
| 504 | |a Includes bibliographical references. | ||
| 505 | 0 | |a v. 1. Domestic fertility trends and family planning services.--v. 2. Adolescent and pre-adolescent pregnancy.--v. 3. Contraceptive technology and development. | |
| 538 | |a System requirements: PDF reader software. | ||
| 500 | |a Electronic resource. | ||
| 650 | 0 | |a Family size |z United States. | |
| 650 | 0 | |a Birth control clinics |z United States. | |
| 650 | 0 | |a Pregnant teenagers |z United States. | |
| 650 | 0 | |a Contraceptives. | |
| 655 | 7 | |a Electronic books. |2 local | |
| 710 | 2 | |a ProQuest (Firm) | |
| 776 | 0 | 8 | |i Print version: |a United States. Congress. House. Select Committee on Population. |t Fertility and contraception in America |w (OCoLC)04332826 |w gp 79003112 |
| 776 | 0 | 8 | |i Microfiche version: |a United States. Congress. House. Select Committee on Population. |t Fertility and contraception in America. |d [Bethesda, Md.] : ProQuest,[2004] |o CIS 78 H961-6 (vol.1) |o CIS 78 H961-7 (vol.2) |o CIS 78 H961-8 (vol.3) |w (ProQuest)cis07801781 |
| 830 | 0 | |a U.S. Congressional Hearings. | |
| 856 | 4 | 0 | |u http://proxy.library.tamu.edu/login?url=https://congressional.proquest.com/congcomp/getdoc?HEARING-ID=HRG-1978-HPS-0010 |z Connect to the full text of this electronic book |t 0 |
| 856 | 4 | 0 | |u http://proxy.library.tamu.edu/login?url=https://congressional.proquest.com/congcomp/getdoc?HEARING-ID=HRG-1978-HPS-0011 |z Connect to the full text of this electronic book |t 0 |
| 856 | 4 | 0 | |u http://proxy.library.tamu.edu/login?url=https://congressional.proquest.com/congcomp/getdoc?HEARING-ID=HRG-1978-HPS-0012 |z Connect to the full text of this electronic book |t 0 |
| 998 | |a cis07801781 | ||
| 999 | |a MARS | ||
| 999 | f | f | |s 23e47e25-dd18-381c-abda-9bbde2ee1576 |i 927662aa-47af-328e-b388-e5a043fbffeb |t 0 |
| 952 | f | f | |a Texas A&M University |b College Station |c Electronic Resources |s www_evans |d Available Online |t 0 |e HRG-1978-HPS-0012 |h Other scheme |
| 998 | f | f | |a HRG-1978-HPS-0012 |t 0 |l Available Online |